[Event "Kostroma Volga Cup op"]
[Site "Kostroma"]
[Date "2010.07.??"]
[Round "3"]
[White "Chernyshov, Konstantin"]
[Black "Demidov, Alexandr"]
[Result "1-0"]
[WhiteElo "2578"]
[BlackElo "2250"]
[PlyCount "53"]
[EventDate "2010.07.??"]
[EventType "swiss"]
[EventRounds "9"]
[EventCountry "RUS"]
[SourceTitle "EXT 2011"]
[Source "ChessBase"]
[SourceDate "2010.11.26"]
[SourceVersion "1"]
[SourceVersionDate "2010.11.26"]
[SourceQuality "1"]

1. c4 g6 2. Nc3 Bg7 3. d4 f6 4. h4 c6 5. e4 d6 6. Be3 Bd7 7. h5 Nh6 8. Be2 Na6 9. Qd2 Ng4 10. Bxg4 Bxg4 11. d5 Qa5 12. f3 Bd7 13. Nge2 0-0-0 14. h6 Bf8 15. Kf2 c5 16. a3 Qc7 17. b4 b6 18. b5 Nb8 19. Nf4 Qb7 20. Ne6 Be8 21. a4 Nd7 22. a5 Ne5 23. axb6 axb6 24. Ra4 Bd7 25. Rha1 Bxe6 26. dxe6 Kb8 27. Qd5 1-0

[Event "Kostroma Volga Cup op"]
[Site "Kostroma"]
[Date "2010.07.??"]
[Round "2"]
[White "Demidov, Alexandr"]
[Black "Kochetkov, Victor N"]
[Result "1-0"]
[WhiteElo "2250"]
[BlackElo "2029"]
[PlyCount "77"]
[EventDate "2010.07.??"]
[EventType "swiss"]
[EventRounds "9"]
[EventCountry "RUS"]
[SourceTitle "EXT 2011"]
[Source "ChessBase"]
[SourceDate "2010.11.26"]
[SourceVersion "1"]
[SourceVersionDate "2010.11.26"]
[SourceQuality "1"]

1. e4 d5 2. exd5 Qxd5 3. Nc3 Qd6 4. Nf3 g6 5. Bc4 Bg7 6. 0-0 Nf6 7. d3 a6 8. a4 Nc6 9. Re1 Bg4 10. h3 Bxf3 11. Qxf3 0-0 12. Qd1 e5 13. Ne4 Qd7 14. Be3 Ne8 15. Bc5 Nd6 16. Qg4 Rad8 17. Nxd6 cxd6 18. Bb6 Qxg4 19. hxg4 Rd7 20. c3 d5 21. Ba2 f5 22. gxf5 gxf5 23. b4 Kh8 24. b5 axb5 25. axb5 Nd8 26. Bb3 Ne6 27. c4 Nf4 28. Rad1 Rf6 29. c5 Rg6 30. g3 h5 31. c6 Re7 32. Bd8 bxc6 33. Bxe7 cxb5 34. Kf1 Nh3 35. Bxd5 f4 36. Bg2 Ng5 37. Bxg5 Rxg5 38. gxf4 exf4 39. Re8+ 1-0

[Event "Nabereznye Chelny op 8th"]
[Site "Nabereznye Chelny"]
[Date "2010.01.25"]
[Round "7"]
[White "Demidov, Alexandr"]
[Black "Sadykov, Ramil"]
[Result "1/2-1/2"]
[WhiteElo "2247"]
[BlackElo "2195"]
[PlyCount "120"]
[EventDate "2010.01.19"]
[EventType "swiss"]
[EventRounds "9"]
[EventCountry "RUS"]
[SourceTitle "CBM 134 Extra"]
[Source "ChessBase"]
[SourceDate "2010.03.03"]
[SourceVersion "1"]
[SourceVersionDate "2010.03.03"]
[SourceQuality "1"]

1. e4 e6 2. d4 d5 3. Nd2 Be7 4. Ngf3 Nf6 5. e5 Nfd7 6. Bd3 c5 7. c3 b6 8. Qe2 a5 9. 0-0 Ba6 10. Ne1 Bxd3 11. Nxd3 Nc6 12. dxc5 bxc5 13. f4 g6 14. Nf3 h5 15. Be3 a4 16. Kh1 Rb8 17. Qc2 Qa5 18. c4 d4 19. Bd2 Qa6 20. Be1 h4 21. h3 Kf8 22. Bd2 Bd8 23. Rfb1 Be7 24. b3 Kg7 25. Be1 Rb7 26. bxa4 Ra7 27. a5 Nxa5 28. Rb5 Nc6 29. a4 Rc7 30. a5 Nb4 31. Bxb4 cxb4 32. Nxb4 Qa7 33. Qd3 Rhc8 34. Nd2 Rb8 35. Nc2 Nc5 36. Qxd4 Rd8 37. Qf2 Qa8 38. Qf3 Qa7 39. Ne4 Rd3 40. Qe2 Nxe4 41. Qxe4 Rcd7 42. Qe1 Rd2 43. Ne3 Bc5 44. Nd5 Rf2 45. Nf6 Rdd2 46. Ne4 Qa8 47. Nxf2 Rxf2 48. Qg1 Bd4 49. Rd1 Be3 50. Rd3 Qe4 51. Rxe3 Qxe3 52. a6 Qxf4 53. a7 Rf1 54. a8Q Rxg1+ 55. Kxg1 Qe3+ 56. Kf1 Qc1+ 57. Kf2 Qd2+ 58. Kf1 Qd1+ 59. Kf2 Qd2+ 60. Kf3 Qd3+ 1/2-1/2

[Event "Nabereznye Chelny op 8th"]
[Site "Nabereznye Chelny"]
[Date "2010.01.23"]
[Round "5"]
[White "Demidov, Alexandr"]
[Black "Alyautdinov, Rushan"]
[Result "0-1"]
[WhiteElo "2247"]
[BlackElo "2153"]
[PlyCount "148"]
[EventDate "2010.01.19"]
[EventType "swiss"]
[EventRounds "9"]
[EventCountry "RUS"]
[SourceTitle "CBM 134 Extra"]
[Source "ChessBase"]
[SourceDate "2010.03.03"]
[SourceVersion "1"]
[SourceVersionDate "2010.03.03"]
[SourceQuality "1"]

1. e4 c5 2. c3 e5 3. Nf3 Nc6 4. Bc4 Qc7 5. 0-0 Be7 6. Na3 Nf6 7. d4 cxd4 8. Nb5 Qb8 9. cxd4 d6 10. d5 Nd8 11. Nc3 0-0 12. Ne1 b5 13. Bd3 b4 14. Ne2 Nb7 15. f4 Nc5 16. Ng3 exf4 17. Bxf4 Ng4 18. Be2 Ne5 19. Be3 Bh4 20. Nf5 Bxf5 21. exf5 Bxe1 22. Qxe1 f6 23. Rd1 Qb6 24. Rf4 a5 25. Rh4 Rfe8 26. Qg3 Re7 27. Qh3 h6 28. Rc1 Ned7 29. Bh5 Rc8 30. Qg3 Rc7 31. h3 Rxe3 32. Qxe3 Ne5 33. Kh2 Re7 34. Qg3 Qb5 35. Rc2 Qb6 36. b3 Rc7 37. Be8 Kf8 38. Bc6 Re7 39. Qf2 Ned3 40. Qd4 Ne5 41. Re4 Qa7 42. Ree2 Qa6 43. Qd2 Qb6 44. Qd4 Qa6 45. Re3 Qb6 46. Rce2 Qa7 47. g4 Nf3+ 48. Rxf3 Rxe2+ 49. Rf2 Qe7 50. Kg2 Qe4+ 51. Qxe4 Rxf2+ 52. Kxf2 Nxe4+ 53. Ke3 Nc3 54. Kd2 Nxa2 55. Kc2 Ke7 56. Kd3 Kd8 57. Kc4 Nc3 58. Bb5 Kc7 59. Be8 Kb6 60. Bc6 Nb1 61. Ba4 Nc3 62. Bc6 Nd1 63. h4 Ne3+ 64. Kd4 Nxg4 65. h5 Ne5 66. Be8 Kb7 67. Ke3 Kc7 68. Kd4 Kb6 69. Ba4 Nf7 70. Be8 Nd8 71. Kc4 Nb7 72. Kd4 Nc5 73. Kc4 Ne4 74. Ba4 Ng3 0-1

[Event "Nabereznye Chelny op 8th"]
[Site "Nabereznye Chelny"]
[Date "2010.01.22"]
[Round "4"]
[White "Popov, Roman"]
[Black "Demidov, Alexandr"]
[Result "1-0"]
[WhiteElo "2376"]
[BlackElo "2247"]
[PlyCount "57"]
[EventDate "2010.01.19"]
[EventType "swiss"]
[EventRounds "9"]
[EventCountry "RUS"]
[SourceTitle "CBM 134 Extra"]
[Source "ChessBase"]
[SourceDate "2010.03.03"]
[SourceVersion "1"]
[SourceVersionDate "2010.03.03"]
[SourceQuality "1"]

1. d4 d5 2. c4 e6 3. Nf3 Nf6 4. g3 c6 5. Bg2 Bd6 6. 0-0 b6 7. Qc2 Bb7 8. Rd1 Nbd7 9. Nc3 Qc7 10. e4 Nxe4 11. Nxe4 dxe4 12. Ng5 Nf6 13. Nxe4 Nxe4 14. Bxe4 h5 15. b4 Bxb4 16. c5 bxc5 17. Rb1 0-0-0 18. Bf4 Qa5 19. dxc5 Rxd1+ 20. Rxd1 Rd8 21. Rb1 Bxc5 22. Qb2 Bb6 23. Qxg7 Qxa2 24. Rxb6 axb6 25. Qe5 Rd1+ 26. Kg2 Kd7 27. Qc7+ Ke8 28. Qxb7 c5 29. Bg5 1-0

[Event "Nabereznye Chelny op 8th"]
[Site "Nabereznye Chelny"]
[Date "2010.01.19"]
[Round "1"]
[White "Demidov, Alexandr"]
[Black "Ledin, Evgeny"]
[Result "0-1"]
[WhiteElo "2247"]
[BlackElo "1300"]
[PlyCount "72"]
[EventDate "2010.01.19"]
[EventType "swiss"]
[EventRounds "9"]
[EventCountry "RUS"]
[SourceTitle "CBM 134 Extra"]
[Source "ChessBase"]
[SourceDate "2010.03.03"]
[SourceVersion "1"]
[SourceVersionDate "2010.03.03"]
[SourceQuality "1"]

1. e4 c6 2. d3 d5 3. Nd2 g6 4. Ngf3 Bg7 5. g3 e5 6. Bg2 Ne7 7. 0-0 0-0 8. Re1 d4 9. h3 c5 10. Nb3 Qd6 11. c3 Nbc6 12. cxd4 cxd4 13. Nbd2 f6 14. b3 Be6 15. a4 Qd7 16. Kh2 a6 17. Ba3 b5 18. Bc5 Rfb8 19. b4 a5 20. axb5 Rxb5 21. Qa4 Rab8 22. Bxe7 Qxe7 23. bxa5 Nxa5 24. Rab1 Rxb1 25. Rxb1 Rxb1 26. Nxb1 Nb3 27. Nfd2 Nc5 28. Qc2 Qa7 29. Nc4 Bf8 30. h4 Qa6 31. Bf1 Qb5 32. Nbd2 Qb4 33. Qb2 Qc3 34. Nb1 Qe1 35. Kg2 Bh3+ 36. Kxh3 Qxf1+ 0-1

[Event "Kostroma Volga Cup op"]
[Site "Kostroma"]
[Date "2009.07.??"]
[Round "8"]
[White "Bobrov, Alexey"]
[Black "Demidov, Alexandr"]
[Result "0-1"]
[WhiteElo "2029"]
[BlackElo "2207"]
[PlyCount "106"]
[EventDate "2009.07.03"]
[EventType "swiss"]
[EventRounds "9"]
[EventCountry "RUS"]
[SourceTitle "EXT 2021"]
[Source "ChessBase"]
[SourceDate "2020.10.23"]
[SourceVersion "1"]
[SourceVersionDate "2020.10.23"]
[SourceQuality "1"]

1. d4 d5 2. Nf3 Nf6 3. b3 e6 4. Bb2 Nbd7 5. e3 Ne4 6. Bd3 f5 7. 0-0 Bd6 8. c4 c6 9. Nbd2 0-0 10. cxd5 exd5 11. Ne5 Qa5 12. Ndf3 Ndf6 13. Qc2 Qc7 14. Ne1 Ng4 15. Bxe4 fxe4 16. Qc3 Qe7 17. h3 Nh6 18. Rc1 Qh4 19. f4 Qg3 20. Kh1 Rf6 21. Rc2 Nf5 22. Bc1 Rh6 23. Qd2 Bxe5 24. fxe5 g5 25. Qf2 g4 26. Rg1 Kh8 27. Qxg3 Nxg3+ 28. Kh2 Nf5 29. Rf1 Be6 30. Rf4 Rg8 31. Re2 gxh3 32. g4 Nh4 33. Rf6 Rxf6 34. exf6 Rxg4 35. f7 Bxf7 36. Kxh3 Be6 37. Kh2 Rg6 38. Ba3 Bg4 39. Rf2 Bf3 40. Be7 Nf5 41. Nxf3 exf3 42. Bd8 Rh6+ 43. Kg1 Rh3 44. Rh2 Rxh2 45. Kxh2 Kg7 46. Kg1 Nxe3 47. Kf2 Nf5 48. Bc7 Kf6 49. Be5+ Ke6 50. Kxf3 c5 51. Bb8 Nxd4+ 52. Kf4 Nc6 53. Bc7 Kd7 0-1

[Event "Kostroma Volga Cup op"]
[Site "Kostroma"]
[Date "2009.07.??"]
[Round "5"]
[White "Demidov, Alexandr"]
[Black "Orlovtsev, Alexander"]
[Result "1-0"]
[WhiteElo "2207"]
[BlackElo "2017"]
[PlyCount "86"]
[EventDate "2009.07.03"]
[EventType "swiss"]
[EventRounds "9"]
[EventCountry "RUS"]
[SourceTitle "EXT 2021"]
[Source "ChessBase"]
[SourceDate "2020.10.23"]
[SourceVersion "1"]
[SourceVersionDate "2020.10.23"]
[SourceQuality "1"]

1. e4 e5 2. Nf3 Nc6 3. d4 exd4 4. Bc4 Bc5 5. c3 Nf6 6. e5 d5 7. Bb5 Ne4 8. cxd4 Bb4+ 9. Nbd2 0-0 10. Qa4 Bd7 11. 0-0 Bxd2 12. Nxd2 a6 13. Bxc6 Bxc6 14. Qa3 Qd7 15. Nf3 Rfe8 16. Be3 Qg4 17. Ne1 Qh5 18. f3 Ng5 19. Bxg5 Qxg5 20. f4 Qf5 21. Rf3 Bb5 22. Qc3 Rac8 23. a4 Bd7 24. h3 h5 25. Qd3 c5 26. dxc5 Rxc5 27. b3 Rec8 28. Rd1 Qe4 29. Qd2 b5 30. a5 Be6 31. Re3 Qg6 32. Kh2 Bf5 33. Rg3 Qe6 34. Nf3 Rc2 35. Qb4 R2c5 36. Nd4 Qd7 37. Rg5 Be4 38. Rxh5 Rc3 39. Rg5 Qc7 40. Ne2 Rc2 41. Qe1 Qc5 42. Nd4 Rc3 43. Rg3 Rc1 1-0

[Event "Kostroma Volga Cup op"]
[Site "Kostroma"]
[Date "2009.07.??"]
[Round "6"]
[White "Demidov, Alexandr"]
[Black "Reutsky, Sergei"]
[Result "0-1"]
[WhiteElo "2207"]
[BlackElo "2403"]
[PlyCount "116"]
[EventDate "2009.07.03"]
[EventType "swiss"]
[EventRounds "9"]
[EventCountry "RUS"]
[SourceTitle "EXT 2021"]
[Source "ChessBase"]
[SourceDate "2020.10.23"]
[SourceVersion "1"]
[SourceVersionDate "2020.10.23"]
[SourceQuality "1"]

1. e4 e6 2. d4 d5 3. Nd2 c5 4. Ngf3 cxd4 5. exd5 Qxd5 6. Bc4 Qd6 7. 0-0 Nf6 8. Nb3 Nc6 9. Nbxd4 Nxd4 10. Nxd4 a6 11. Re1 Bd7 12. c3 Qc7 13. Qe2 0-0-0 14. Bb3 Bd6 15. h3 h6 16. Qc4 g5 17. Qxc7+ Kxc7 18. Ne2 Nh5 19. Bd2 Nf4 20. Nxf4 gxf4 21. c4 Kc8 22. c5 Bc7 23. Bc3 Rhg8 24. Bf6 Rde8 25. Bc2 Bc6 26. Be4 Bxe4 27. Rxe4 Rg6 28. Be5 Bxe5 29. Rxe5 Reg8 30. Kf1 Rxg2 31. Ke2 Rh2 32. Re4 f3+ 33. Kxf3 Rxh3+ 34. Ke2 Rh5 35. Rf4 Rg7 36. Rc1 Kc7 37. b4 Rd5 38. Rc3 h5 39. Rcf3 f5 40. Re3 Kd7 41. Rh4 Rg4 42. Rxh5 Rxb4 43. Rh7+ Kc6 44. Rxe6+ Kxc5 45. Ke3 Rb5 46. Ree7 b6 47. Rc7+ Kb4 48. Rh4+ Ka3 49. Rc3+ Kxa2 50. Ra4+ Kb2 51. Rca3 Rb3+ 52. Rxb3+ Kxb3 53. Rxa6 b5 54. f4 b4 55. Re6 Ka2 56. Ra6+ Kb2 57. Rb6 b3 58. Rc6 Kb1 0-1

[Event "Moscow op-B"]
[Site "Moscow"]
[Date "2009.02.07"]
[Round "8"]
[White "Grebennikov, Igor"]
[Black "Demidov, Alexandr"]
[Result "0-1"]
[WhiteElo "1400"]
[BlackElo "2209"]
[PlyCount "58"]
[EventDate "2009.01.31"]
[EventType "swiss"]
[EventRounds "9"]
[EventCountry "RUS"]
[SourceTitle "EXT 2012"]
[Source "ChessBase"]
[SourceDate "2011.11.24"]
[SourceVersion "1"]
[SourceVersionDate "2011.11.24"]
[SourceQuality "1"]

1. e4 e5 2. Nf3 Nc6 3. Bc4 Nf6 4. d4 exd4 5. 0-0 Nxe4 6. Re1 d5 7. Bxd5 Qxd5 8. Nc3 Qa5 9. Nxe4 Be6 10. Bg5 h6 11. Bd2 Qb6 12. a3 0-0-0 13. b4 g5 14. Rb1 g4 15. b5 gxf3 16. bxc6 Qxc6 17. Qxf3 Rg8 18. c3 f5 19. Ng3 Qxf3 20. gxf3 Bd5 21. cxd4 Bxf3 22. Re5 Bd6 23. Ra5 f4 24. Rxa7 fxg3 25. hxg3 b6 26. Ra4 Bd5 27. Kf1 Rde8 28. Rc1 Kb7 29. Re1 Bc6 0-1

[Event "Moscow op-B"]
[Site "Moscow"]
[Date "2009.02.01"]
[Round "3"]
[White "Demidov, Alexandr"]
[Black "Kachar, Vladimir"]
[Result "1/2-1/2"]
[WhiteElo "2209"]
[BlackElo "2295"]
[PlyCount "104"]
[EventDate "2009.01.31"]
[EventType "swiss"]
[EventRounds "9"]
[EventCountry "RUS"]
[SourceTitle "EXT 2012"]
[Source "ChessBase"]
[SourceDate "2011.11.24"]
[SourceVersion "1"]
[SourceVersionDate "2011.11.24"]
[SourceQuality "1"]

1. e4 c5 2. c3 d5 3. exd5 Qxd5 4. Nf3 g6 5. Na3 Bg7 6. Bc4 Qe4+ 7. Be2 Nf6 8. 0-0 0-0 9. d4 cxd4 10. Nxd4 e5 11. Bf3 Qh4 12. g3 Qh3 13. Bg2 Qd7 14. Ndb5 Nc6 15. Be3 Rd8 16. Qxd7 Bxd7 17. Rfd1 Bf8 18. Nc4 Ne8 19. Bxc6 Bxc6 20. Nxa7 Rxd1+ 21. Rxd1 Bf3 22. Rd2 f6 23. Rd7 Rb8 24. a4 Bg4 25. Rd2 Be6 26. Nb6 Nd6 27. f3 Kf7 28. Nb5 Nxb5 29. axb5 Be7 30. c4 Rd8 31. Nd5 Bxd5 32. cxd5 Bd6 33. Rc2 Ra8 34. b6 Ke8 35. Bc5 Bb8 36. Rc4 Ra1+ 37. Kg2 Rd1 38. Rh4 h5 39. g4 Kf7 40. gxh5 g5 41. Ra4 Rxd5 42. Ra8 Rd8 43. h6 Kg6 44. Kh3 f5 45. Be7 Rd7 46. h7 Kxh7 47. Bxg5 Bd6 48. Rd8 Rxd8 49. Bxd8 Bc5 50. Bf6 Bd6 51. Bd8 Bc5 52. Bf6 Bd6 1/2-1/2

[Event "UKR-ch sf U12"]
[Site "Evpatoria"]
[Date "2008.10.05"]
[Round "4"]
[White "Demidov, Alexandr"]
[Black "Severinov, Denis"]
[Result "0-1"]
[WhiteElo "2256"]
[BlackElo "1854"]
[PlyCount "76"]
[EventDate "2008.10.02"]
[EventType "swiss"]
[EventRounds "9"]
[EventCountry "UKR"]
[SourceTitle "EXT 2010"]
[Source "ChessBase"]
[SourceDate "2010.11.25"]
[SourceVersion "1"]
[SourceVersionDate "2010.11.25"]
[SourceQuality "1"]

1. e4 c5 2. c3 g6 3. d4 cxd4 4. cxd4 Bg7 5. Nf3 d6 6. Nc3 Nc6 7. Bb5 Bd7 8. 0-0 Nf6 9. Be3 0-0 10. h3 a6 11. Ba4 b5 12. Bc2 Nb4 13. Re1 Nxc2 14. Qxc2 Rc8 15. Qd3 b4 16. Ne2 Bb5 17. Qb1 Ba4 18. b3 Bb5 19. Ng3 Qc7 20. Rc1 Qb7 21. Nd2 Rxc1+ 22. Qxc1 Bd3 23. f3 Rc8 24. Qd1 Ne8 25. Rc1 Rc7 26. Ndf1 Bb5 27. Rc2 Qc8 28. Rxc7 Qxc7 29. Bf2 Qc3 30. Qd2 Nc7 31. Be3 Ne6 32. d5 Nd4 33. Kh1 Nc2 34. Qc1 Nxe3 35. Qxe3 Qa1 36. Qf2 Bd4 37. Qd2 Be5 38. Qc2 Bxg3 0-1

[Event "Kostroma Volga Cup op"]
[Site "Kostroma"]
[Date "2008.07.??"]
[Round "6"]
[White "Demidov, Alexandr"]
[Black "Bruyatskaya, Marina"]
[Result "1-0"]
[WhiteElo "2261"]
[BlackElo "2045"]
[PlyCount "68"]
[EventDate "2008.07.??"]
[EventType "swiss"]
[EventRounds "9"]
[EventCountry "RUS"]
[SourceTitle "EXT 2009"]
[Source "ChessBase"]
[SourceDate "2008.11.26"]
[SourceVersion "1"]
[SourceVersionDate "2008.11.26"]
[SourceQuality "1"]

1. e4 c6 2. d3 d5 3. Nd2 e5 4. Ngf3 Bd6 5. g3 Nf6 6. Bg2 dxe4 7. dxe4 0-0 8. 0-0 Be6 9. h3 h6 10. Qe2 Qe7 11. Nc4 b5 12. Nxd6 Qxd6 13. b3 Nfd7 14. Bb2 a6 15. Rad1 Qc7 16. Qd2 c5 17. Qd6 Qxd6 18. Rxd6 a5 19. Nxe5 Nxe5 20. Bxe5 Na6 21. Rd2 c4 22. f4 f6 23. Bd6 Rad8 24. Rfd1 Rfe8 25. e5 c3 26. Re2 fxe5 27. fxe5 Kh8 28. Bc6 Rg8 29. Bxb5 Nc7 30. Bc4 Rde8 31. Re3 Bxc4 32. bxc4 Ne6 33. c5 Rc8 34. Rxc3 Rc6 1-0

[Event "Moscow op-B 04th"]
[Site "Moscow"]
[Date "2008.02.09"]
[Round "8"]
[White "Meleshko, Vladimir"]
[Black "Demidov, Alexandr"]
[Result "0-1"]
[WhiteElo "2133"]
[BlackElo "2256"]
[PlyCount "56"]
[EventDate "2008.02.02"]
[EventType "swiss"]
[EventRounds "9"]
[EventCountry "RUS"]
[SourceTitle "CBM 122 Extra"]
[Source "ChessBase"]
[SourceDate "2008.03.04"]
[SourceVersion "1"]
[SourceVersionDate "2008.03.04"]
[SourceQuality "1"]

1. e4 e5 2. Nf3 Nc6 3. d4 exd4 4. c3 Nf6 5. e5 Ne4 6. Qe2 f5 7. exf6 d5 8. cxd4 Bb4+ 9. Nc3 0-0 10. Qc2 Qxf6 11. Be3 Bg4 12. 0-0-0 Bxc3 13. bxc3 Bxf3 14. gxf3 Qxf3 15. Be2 Qf7 16. Bd3 Rae8 17. Rhg1 Kh8 18. Rg2 Re6 19. Rdg1 Nb4 20. cxb4 Rc6 21. Qxc6 bxc6 22. Rxg7 Qxg7 23. Rxg7 Kxg7 24. f4 Re8 25. Kc2 Nc5 26. dxc5 Rxe3 27. Bf5 Rf3 28. Bd7 Rxf4 0-1

[Event "Moscow Petrosian Memorial U18"]
[Site "Moscow"]
[Date "2005.01.??"]
[Round "4"]
[White "Demidov, Alexandr"]
[Black "Borta, Grigore"]
[Result "1/2-1/2"]
[WhiteElo "2213"]
[BlackElo "1952"]
[PlyCount "58"]
[EventDate "2005.01.??"]
[EventType "swiss"]
[EventRounds "9"]
[EventCountry "RUS"]
[SourceTitle "EXT 2006"]
[Source "ChessBase"]
[SourceDate "2005.11.24"]
[SourceVersion "1"]
[SourceVersionDate "2005.11.24"]
[SourceQuality "1"]

1. e4 c5 2. d4 cxd4 3. c3 dxc3 4. Nxc3 d6 5. Nf3 e6 6. Bc4 Be7 7. 0-0 Nf6 8. Qe2 0-0 9. Rd1 a6 10. e5 Ne8 11. exd6 Nxd6 12. Bf4 Qb6 13. Bb3 Nd7 14. Nd5 exd5 15. Qxe7 Nf5 16. Qe2 Nf6 17. Bxd5 Nxd5 18. Rxd5 Be6 19. Rdd1 Rfe8 20. Re1 Nd4 21. Nxd4 Qxd4 22. Be3 Qg4 23. f3 Qg6 24. b3 Bd5 25. Qf2 Rac8 26. Rac1 Rxc1 27. Bxc1 Rxe1+ 28. Qxe1 Qe6 29. Qxe6 Bxe6 1/2-1/2

[Event "Moscow Petrosian Memorial U18"]
[Site "Moscow"]
[Date "2005.01.??"]
[Round "7"]
[White "Korolev, Pavel"]
[Black "Demidov, Alexandr"]
[Result "0-1"]
[WhiteElo "2158"]
[BlackElo "2213"]
[PlyCount "146"]
[EventDate "2005.01.??"]
[EventType "swiss"]
[EventRounds "9"]
[EventCountry "RUS"]
[SourceTitle "EXT 2006"]
[Source "ChessBase"]
[SourceDate "2005.11.24"]
[SourceVersion "1"]
[SourceVersionDate "2005.11.24"]
[SourceQuality "1"]

1. d4 d5 2. c4 e6 3. g3 Nf6 4. Bg2 Be7 5. Nf3 0-0 6. 0-0 dxc4 7. Qa4 a6 8. Qxc4 b5 9. Qc2 Bb7 10. Bf4 Nd5 11. Nc3 Nxf4 12. gxf4 Nd7 13. Ne4 Nf6 14. Nxf6+ Bxf6 15. e3 Ra7 16. a4 Qa8 17. Ne1 bxa4 18. Bxb7 Rxb7 19. Rxa4 c5 20. dxc5 Rxb2 21. Qc4 a5 22. Nd3 Rd2 23. Ne5 Bxe5 24. fxe5 Rd5 25. Qc3 Qd8 26. Rxa5 Qg5+ 27. Kh1 Qxe5 28. Qxe5 Rxe5 29. Rc1 Rc8 30. Kg2 Kf8 31. Kf3 Rh5 32. Kg3 Rg5+ 33. Kf3 Rc7 34. h4 Rf5+ 35. Kg3 Rd5 36. Rc4 Ke7 37. e4 Rd3+ 38. f3 Rc6 39. Ra7+ Rd7 40. Rxd7+ Kxd7 41. e5 Rc7 42. Rg4 g6 43. Rc4 Kc6 44. f4 Kd5 45. Rc1 Rxc5 46. Rd1+ Ke4 47. Rd7 Rc3+ 48. Kg4 h5+ 49. Kg5 Rg3+ 50. Kf6 Rg4 51. Kxf7 Rxh4 52. Kxe6 Rxf4 53. Rg7 Rf5 54. Rxg6 Rxe5+ 55. Kf6 Rf5+ 56. Ke6 Ra5 57. Rg8 Ra6+ 58. Kf7 Kf5 59. Rb8 Ra7+ 60. Kg8 Re7 61. Rb5+ Re5 62. Rb6 h4 63. Kf7 Kg4 64. Kf6 Rf5+ 65. Ke6 h3 66. Rb4+ Rf4 67. Rb2 Kg3 68. Ke5 Rf2 69. Rb8 h2 70. Rg8+ Kh3 71. Rh8+ Kg2 72. Rg8+ Kf1 73. Rh8 Kg1 0-1

[Event "RUS-ch U18"]
[Site "Dagomys"]
[Date "2004.04.??"]
[Round "1"]
[White "Demidov, Alexandr"]
[Black "Pervushov, Maksim"]
[Result "0-1"]
[WhiteElo "2195"]
[BlackElo "2360"]
[PlyCount "70"]
[EventDate "2004.04.??"]
[EventType "swiss"]
[EventRounds "10"]
[EventCountry "RUS"]
[SourceTitle "EXT 2005"]
[Source "ChessBase"]
[SourceDate "2004.11.15"]
[SourceVersion "1"]
[SourceVersionDate "2004.11.15"]
[SourceQuality "1"]

1. e4 c5 2. d4 cxd4 3. c3 dxc3 4. Nxc3 g6 5. Bc4 Bg7 6. Nf3 d6 7. e5 Nc6 8. exd6 Qxd6 9. Qb3 e6 10. 0-0 Nge7 11. Bg5 0-0 12. Rad1 Qc7 13. Nb5 Qb8 14. Nd6 Na5 15. Qc2 Qc7 16. Nb5 Qc5 17. Nd6 Nd5 18. b4 Nxb4 19. Qe4 Nxc4 20. Nxc4 Nxa2 21. Qh4 f6 22. Be3 Qe7 23. Bd2 b5 24. Na5 e5 25. Rfe1 Qf7 26. Re3 Be6 27. Nc6 Rac8 28. Na5 Rfd8 29. h3 Qc7 30. Rde1 Rxd2 31. Nxd2 Qxa5 32. Ne4 Qd8 33. Ra3 a5 34. Rf3 f5 35. Qxd8+ Rxd8 0-1